The plan for New Haven / (Record no. 120102)
[ view plain ]
| 000 -LEADER | |
|---|---|
| fixed length control field | 00926cam a2200253 i 4500 |
| 001 - CONTROL NUMBER | |
| control field | 17126390 |
| 005 - DATE AND TIME OF LATEST TRANSACTION | |
| control field | 20201114122240.0 |
| 008 - FIXED-LENGTH DATA ELEMENTS--GENERAL INFORMATION | |
| fixed length control field | 120119r20121910txua 000 0 eng |
| 020 ## - INTERNATIONAL STANDARD BOOK NUMBER | |
| International Standard Book Number | 9781595341297 (pbk.) |
| 040 ## - CATALOGING SOURCE | |
| Transcribing agency | PK-LaUMT |
| 082 00 - DEWEY DECIMAL CLASSIFICATION NUMBER | |
| Classification number | 711.4097468 |
| Edition number | 23 |
| Item number | OLM-P |
| 100 ## - MAIN ENTRY--PERSONAL NAME | |
| Personal name | Olmsted Jr , Frederick Law |
| 245 04 - TITLE STATEMENT | |
| Title | The plan for New Haven / |
| Statement of responsibility, etc | by Frederick Law Olmsted Jr. and Cass Gilbert ; Preface by Vincent J. Scully ; Introduction by Alan J. Plattus ; Afterword by Douglas W. Rae |
| 260 ## - PUBLICATION, DISTRIBUTION, ETC. (IMPRINT) | |
| Place of publication, distribution, etc | San Antonio : |
| Name of publisher, distributor, etc | Trinity University Press, |
| Date of publication, distribution, etc | 2012 |
| 300 ## - PHYSICAL DESCRIPTION | |
| Extent | xvi, 141 p. : |
| Other physical details | illustrations ; |
| Dimensions | 28 cm |
| 650 #0 - SUBJECT ADDED ENTRY--TOPICAL TERM | |
| Topical term or geographic name as entry element | City planning |
| Geographic subdivision | Connecticut |
| -- | New Haven. |
| 650 #7 - SUBJECT ADDED ENTRY--TOPICAL TERM | |
| Topical term or geographic name as entry element | ARCHITECTURE / History / Modern (late 19th Century to 1945). |
| 700 1# - ADDED ENTRY--PERSONAL NAME | |
| Personal name | Olmsted, Frederick Law, |
| 700 1# - ADDED ENTRY--PERSONAL NAME | |
| Personal name | Gilbert, Cass, |
| 700 1# - ADDED ENTRY--PERSONAL NAME | |
| Personal name | Scully, Vincent, |
| 700 1# - ADDED ENTRY--PERSONAL NAME | |
| Personal name | Plattus, Alan J., |
| 700 1# - ADDED ENTRY--PERSONAL NAME | |
| Personal name | Rae, Douglas W., |
| 942 ## - ADDED ENTRY ELEMENTS (KOHA) | |
| Koha item type | Books |
| Withdrawn status | Lost status | Damaged status | Home library | Current library | Date acquired | Full call number | Barcode | Date last seen | Price effective from | Koha item type |
|---|---|---|---|---|---|---|---|---|---|---|
| UMT Main Campus | UMT Main Campus | 2020-11-14 | 711.4097468 OLM-P | 135642 | 2020-11-14 | 2020-11-14 | Books |
